000 00461nam a2200169Ia 4500
008 090711s9999 xx 000 0 und d
082 _b54025
100 _aघडयाळे जयश्री
245 _aखानदान
260 _c1986
300 _a176
600 _aघडयाळे जयश्री
630 _aखानदान
700 _aघडयाळे जयश्री
730 _aखानदान
942 _cBOOK
999 _c302430
_d302430